The Office - Charaktere - Statistiken

Allgemein
  • Dieses Quiz wurde 336 mal gespielt
  • Das Durchschnittsergebnis liegt bei 18 aus 28
Antwortstatistiken
Position Charakter % Korrekt
Vertrieb Dwight Kurt Schrute
95%
Vertrieb Jim Halpert
95%
Regional Manager Michael Scott
95%
Vertrieb Pam Halpert (Beesly)
95%
Buchhaltung Angela Martin
87%
Buchhaltung Oscar Martinez
84%
Buchhaltung Kevin Malone
83%
Vertrieb Andrew „Andy“ Bernard
81%
Vertrieb Stanley Hudson
78%
Personalabteilung Toby Flenderson
77%
Kundenservice Kelly Kapoor
76%
Vertrieb Phyllis Lapin
76%
Diverse Positionen Ryan Howard
75%
Qualitätssicherung Creed Bratton
70%
Management Janet „Jan“ Levinson
70%
Versand Darryl Philbin
65%
Empfang Erin Hannon
65%
Einkauf Meredith Palmer
64%
Personalabteilung Holly Flax
56%
Lager Roy Anderson
56%
Management David Wallace
47%
Vertrieb Karen Filippelli
47%
Außendienst Todd Packer
45%
Integration Sabre Gabriel „Gabe“ Lewis
44%
Management Robert California
36%
Kundenservice Pete
31%
Special Projects Nellie Bertram
30%
Kundenservice Clark
20%
Keine übereinstimmenden Quizze gefunden
Verteilung der Resultate
Anzahl Personen mit jedem Resultat
Perzentil nach korrekt beantworteten Fragen
Ihre Resultats-Entwicklung
Sie haben dieses Quiz noch nicht gespielt